00982nam a2200241Ii 45000010005000000030009000050080041000140200015000550400033000700410008001030820018001111000040001292450074001692640041002433000012002843360026002963370028003223380027003509400050003779990017004279520148004449520148005928637CO-ViMGA241108s9999||||xx |||||||||||||| ||und|| a9589129064 aCO-ViMGAbspaerdacCO-ViMGA0 aspa04a986.138 R652d1 aMaría Eugenia Romero Moreno9717810aDesde el orinoco hacia el siglo XXI :bel hombre, la fauna y su medio 1aBogotá, Colombia : Fondo FEN, 1989 avolumen atextbtxt2rdacontent aunmediatedbn2rdamedia avolumebnc2rdacarrier aidficha_siabuc: 8440. -- ficha_no_siabuc:8637 c44843d44843 001040708FPatriOrinoaMEVIGERRbMEVIGERRcLOCALd2006-11-27o986.138 R652dpECA8973r2024-11-26 09:17:48tEj.2w2024-11-26yBKz8440 | 11842 001040708FPatriOrinoaMEVIGERRbMEVIGERRcLOCALd2006-11-27o986.138 R652dpECA8965r2024-11-26 09:17:48tEj.1w2024-11-26yBKz8440 | 11841